ბათუმის შოთა რუსთაველის სახელმწიფო უნივერსიტეტის ბიბლიოთეკა

Smith and Tanagho's general urology / (ბიბ.ჩანაწერი № 57590)

000 -LEADER
fixed length control field 00945cam a2200289 a 4500
001 - CONTROL NUMBER
control field 17175520
005 - DATE AND TIME OF LATEST TRANSACTION
control field 20221107123630.0
008 - FIXED-LENGTH DATA ELEMENTS--GENERAL INFORMATION
fixed length control field 120217s2013 nyua b 001 0 eng
010 ## - LIBRARY OF CONGRESS CONTROL NUMBER
LC control number 2012007118
020 ## - INTERNATIONAL STANDARD BOOK NUMBER
International Standard Book Number 9780071624978 (softcover : alk. paper) X
020 ## - INTERNATIONAL STANDARD BOOK NUMBER
International Standard Book Number 007162497X (MHID)
035 ## - SYSTEM CONTROL NUMBER
System control number (DNLM)101578464
041 ## - LANGUAGE CODE
Language code of text/sound track or separate title eng
080 ## - UNIVERSAL DECIMAL CLASSIFICATION NUMBER
Universal Decimal Classification number 616.6 S-68
245 00 - TITLE STATEMENT
Title Smith and Tanagho's general urology /
Remainder of title editors, Jack W. McAninch, Thomas F. Lue.
246 1# - VARYING FORM OF TITLE
Title proper/short title General urology
250 ## - EDITION STATEMENT
Edition statement 18th ed.
260 ## - PUBLICATION, DISTRIBUTION, ETC.
Place of publication, distribution, etc. New York :
Name of publisher, distributor, etc. McGraw-Hill Professional,
Date of publication, distribution, etc. c2013.
300 ## - PHYSICAL DESCRIPTION
Extent x, 758 p. :
Other physical details ill. ;
Dimensions 24 cm.
650 12 - SUBJECT ADDED ENTRY--TOPICAL TERM
Topical term or geographic name entry element Urologic Diseases.
9 (RLIN) 9145
653 ## - INDEX TERM--UNCONTROLLED
keyword მედიცინა
653 ## - INDEX TERM--UNCONTROLLED
keyword უროლოგია
700 1# - ADDED ENTRY--PERSONAL NAME
Personal name McAninch, Jack W.
Relator term რედაქტორი
9 (RLIN) 9146
700 1# - ADDED ENTRY--PERSONAL NAME
Personal name Lue, Tom F.
Relator term რედაქტორი
9 (RLIN) 9147
730 0# - ADDED ENTRY--UNIFORM TITLE
Uniform title Smith's general urology.
9 (RLIN) 9148
942 ## - ADDED ENTRY ELEMENTS (KOHA)
Source of classification or shelving scheme
Koha item type წიგნი
ეგზემპლარები
Withdrawn status Lost status Source of classification or shelving scheme Damaged status Not for loan Permanent Location Current Location Shelving location Date acquired Cost, normal purchase price Full call number Barcode Date last seen Copy number Price effective from Koha item type Public note
          ბათუმის შოთა რუსთაველის სახელმწიფო უნივერსიტეტის მთავარი ბიბლიოთეკა ბათუმის შოთა რუსთაველის სახელმწიფო უნივერსიტეტის მთავარი ბიბლიოთეკა წიგნსაცავი 2020-08-10 246.00 616.6 S-68 60791 2020-08-10 60791 2020-08-10 წიგნი 246 ლ.